<?xml version="1.0" encoding="UTF-8"?>
<collection xmlns="http://www.loc.gov/MARC21/slim">
    <record>
        <controlfield tag="001">183765</controlfield>
        <controlfield tag="005">20151223172113.0</controlfield>
        <datafield tag="022" ind1=" " ind2=" ">
            <subfield code="a">0006-212X</subfield>
        </datafield>
        <datafield tag="024" ind1="7" ind2=" ">
            <subfield code="2">ZDBID</subfield>
            <subfield code="a">PERI:(DE-600)512060-3</subfield>
        </datafield>
        <datafield tag="024" ind1="7" ind2=" ">
            <subfield code="2">ZDBPPN</subfield>
            <subfield code="a">ZDPPN:012693332</subfield>
        </datafield>
        <datafield tag="024" ind1="7" ind2=" ">
            <subfield code="2">OCLC</subfield>
            <subfield code="a">OCLC:633405168</subfield>
        </datafield>
        <datafield tag="035" ind1=" " ind2=" ">
            <subfield code="a">PERI:(DE-600)512060-3</subfield>
        </datafield>
        <datafield tag="041" ind1=" " ind2=" ">
            <subfield code="a">ger</subfield>
        </datafield>
        <datafield tag="082" ind1=" " ind2=" ">
            <subfield code="a">590</subfield>
        </datafield>
        <datafield tag="245" ind1=" " ind2=" ">
            <subfield code="a">Die @Biene</subfield>
            <subfield code="b">das Fachmagazin für Imker</subfield>
            <subfield code="h">print</subfield>
        </datafield>
        <datafield tag="246" ind1="3" ind2=" ">
            <subfield code="a">Grundwissen für Imker</subfield>
        </datafield>
        <datafield tag="260" ind1=" " ind2=" ">
            <subfield code="a">Berlin</subfield>
            <subfield code="b">Dt. Landwirtschaftsverl.</subfield>
        </datafield>
        <datafield tag="380" ind1=" " ind2=" ">
            <subfield code="2">marcgt</subfield>
            <subfield code="a">journal</subfield>
        </datafield>
        <datafield tag="500" ind1=" " ind2=" ">
            <subfield code="a">Automatically generated record. (Updated: 12/2015)</subfield>
        </datafield>
        <datafield tag="650" ind1=" " ind2="7">
            <subfield code="0">SWD:040265927</subfield>
            <subfield code="2">SWD</subfield>
            <subfield code="a">Imkerei </subfield>
        </datafield>
        <datafield tag="909" ind1="C" ind2="O">
            <subfield code="o">oai:juser.fz-juelich.de:280055</subfield>
            <subfield code="p">authority:PERI</subfield>
            <subfield code="p">authority</subfield>
        </datafield>
        <datafield tag="909" ind1="C" ind2="O">
            <subfield code="o">oai:juser.fz-juelich.de:280055</subfield>
        </datafield>
        <datafield tag="933" ind1=" " ind2=" ">
            <subfield code="a">Berlin</subfield>
            <subfield code="b">Dt. Landwirtschaftsverl.</subfield>
        </datafield>
        <datafield tag="980" ind1=" " ind2=" ">
            <subfield code="a">PERI</subfield>
        </datafield>
        <datafield tag="980" ind1=" " ind2=" ">
            <subfield code="a">AUTHORITY</subfield>
        </datafield>
    </record>

    
</collection>